Afortunado en el juego ; (Registro nro. 11050)

Detalles MARC
000 -LIDER
fixed length control field 00725nam a22002297a 4500
001 - NÚMERO DE CONTROL
Identificador de número de control 000427
003 - IDENTIFICACDOR DE NÚMERO DE CONTROL
control field DO-SdBNP
005 - DATE AND TIME OF LATEST TRANSACTION
control field 20171213095341.0
007 - CAMPOS FIJOS DE DESCRIPCIÓN FÍSICA
fixed length control field 000427
008 - ELEMENTOS DE LONGITUD FIJA
fixed length control field 160728b 1994 cl ||||| |||| 00| 0 spa d
020 ## - ISBN
International Standard Book Number 958-04-0730-4
020 ## - ISBN
International Standard Book Number 9789580407300
040 ## - FUENTE DE CATALOGACIÓN
Agencia que crea de manera original el registro BPMSU
Idioma de catalogación spa
Agencia que realiza la transcripción BPMSU
092 ## - LOCALLY ASSIGNED DEWEY DECIMAL CALL NUMBER
Número de clasificación xxxxx
Número de ítem (Cutter) xxxxx
240 10 - TITULO UNIFORME
Título uniforme Minas de Falun.
Idioma de una obra Español.
245 10 - MENCIÓN DE TITULO
Título Afortunado en el juego ;
Subtítulo Las minas de Falun /
Mención de responsabilidad E.T.A. Hoffmann ; traducción de Carmen Bravo-Villasante ; ilustraciones de Alfredo Lleras.
260 ## - PUBLICACIÓN, DISTRIBUCIÓN, ETC. (PIE DE IMPRENTA)
Lugar de publicación, distribución, etc Bogatá :
Nombre del editor, distribuidor, etc. Norma,
Fecha de publicación, distribución, etc 1989.
300 ## - DESCRIPCIÓN FÍSICA
Extensión 117 p. ;
Dimensiones 19 cm.
942 ## - ADDED ENTRY ELEMENTS (KOHA)
Source of classification or shelving scheme Dewey Decimal Classification
Koha item type Libros
945 ## - INFORMACIÓN DE PROCESAMIENTO LOCAL
Información de procesamiento local inventariado extranjero / DG
956 ## - LOCAL ELECTRONIC LOCATION AND ACCESS (OCLC)
Método de acceso LOPEREZ
Materiales especificados 10
Enlace 20160728
Campo enlazado y núm. de secuencia BPMSU
Nombre de host 00041
Existencias
Withdrawn status Lost status Source of classification or shelving scheme Damaged status Not for loan Collection code Home library Current library Date acquired Source of acquisition Total Checkouts Barcode Date last seen Price effective from Koha item type
    Dewey Decimal Classification       Biblioteca Pública Metropolitana Salomé Ureña Biblioteca Pública Metropolitana Salomé Ureña 07/28/2016 FUNDI   BPMSU16070678 07/28/2016 07/28/2016 Libros